Sports Quiz

Random Sports or Clickable Quiz

How well do you know your Sports Logos Quiz Stats

 Plays Quiz not verified by Sporcle

Challenge
Share
Tweet
Embed
Score 0/16 Timer 03:00
0 Plays Today
% Correct
Left
56.1%
Braid
52.4%
Shoes
50.3%
Right
45%
Triangle
42.3%
3
37.6%
Bottom
34.9%
Jousting Sticks
29.1%
% Correct
4
28%
8
25.9%
7
25.4%
WIN
25.4%
I
22.2%
T
20.1%
Lower Left
19.6%
13
17.5%

You're not logged in!

Compare scores with friends on all Sporcle quizzes.
OR
Log In

You Might Also Like...

Show Comments

Extras

Top Quizzes Today


Score Distribution

Your Account Isn't Verified!

In order to create a playlist on Sporcle, you need to verify the email address you used during registration. Go to your Sporcle Settings to finish the process.

Report this User

Report this user for behavior that violates our Community Guidelines.

Details: